000 00272nam a2200109Ia 4500
005 20251222114410.0
008 251222s1900||||xx |||||||||||||| ||spa||
082 _aDVD0099/S79
245 0 _aRoma a través de sus fuentes
264 _bDocumentaristica Culturale
942 _cDVD
999 _c1998
_d1998